[Event "Ruhrgebiet Verbandsklasse Gruppe 2 1819"]
[Site "Nordrheinwestfalen"]
[Date "2019.03.10"]
[Round "7.3"]
[White "Gielisch, Eckhart"]
[Black "Kirsch, Paul"]
[Result "0-1"]
[WhiteElo "1795"]
[BlackElo "1929"]
[PlyCount "134"]
[EventDate "2018.09.23"]
[EventType "team-tourn"]
[EventRounds "9"]
[EventCountry "GER"]
[SourceTitle "EXT 2022"]
[Source "ChessBase"]
[SourceDate "2021.10.06"]
[SourceVersion "1"]
[SourceVersionDate "2021.10.06"]
[SourceQuality "1"]
[WhiteTeam "Marten Boevinghausen"]
[BlackTeam "Steele/Kray Rochade"]
[WhiteTeamCountry "GER"]
[BlackTeamCountry "GER"]

1. d4 e6 2. Nf3 d5 3. c4 Nf6 4. Nc3 c6 5. Bg5 Be7 6. e3 Nbd7 7. Bd3 dxc4 8. Bxc4 Nd5 9. Bxe7 Qxe7 10. 0-0 Nxc3 11. bxc3 e5 12. Qc2 e4 13. Nd2 Nf6 14. f3 exf3 15. Rxf3 0-0 16. e4 Bg4 17. Rf4 Bh5 18. e5 Nd5 19. Rf2 Ne3 20. Qd3 Nxc4 21. Nxc4 b5 22. Nd6 Bg6 23. Qf3 c5 24. Nxb5 cxd4 25. cxd4 Qb4 26. Qb3 Qe7 27. Nd6 Rab8 28. Qc3 Rb1+ 29. Rxb1 Bxb1 30. Rb2 Bg6 31. Rb7 Qe6 32. a3 a6 33. Qb2 h6 34. h3 Qd5 35. Ra7 Bd3 36. Qc3 Bb5 37. Nf5 Qa2 38. Qg3 Qb1+ 39. Kh2 Qxf5 40. d5 Qg5 41. Qc3 Qf4+ 42. Kh1 Qf1+ 43. Kh2 Qf2 44. Re7 Bf1 45. Qg3 Qxg3+ 46. Kxg3 Rd8 47. d6 Bb5 48. Kf4 Rd7 49. Re8+ Kh7 50. Rb8 g6 51. g3 Kg7 52. Rb6 Ra7 53. Ke4 Bd7 54. h4 Be6 55. Kd4 f6 56. Rc6 fxe5+ 57. Kxe5 Kf7 58. Rc3 h5 59. Rf3+ Bf5 60. Kd5 Ke8 61. Re3+ Kd8 62. Kc6 Bd7+ 63. Kb6 Ra8 64. Rf3 Bf5 65. Re3 Kd7 66. Kc5 Be6 67. Rd3 Rc8+ 0-1

[Event "Ruhrgebiet Verbandsklasse Gruppe 2 1819"]
[Site "Nordrheinwestfalen"]
[Date "2019.01.20"]
[Round "5.3"]
[White "Gielisch, Eckhart"]
[Black "Gluma, Christian"]
[Result "0-1"]
[WhiteElo "1795"]
[BlackElo "1836"]
[PlyCount "98"]
[EventDate "2018.09.23"]
[EventType "team-tourn"]
[EventRounds "9"]
[EventCountry "GER"]
[SourceTitle "EXT 2022"]
[Source "ChessBase"]
[SourceDate "2021.10.06"]
[SourceVersion "1"]
[SourceVersionDate "2021.10.06"]
[SourceQuality "1"]
[WhiteTeam "Marten Boevinghausen"]
[BlackTeam "Bochum SG IV"]
[WhiteTeamCountry "GER"]
[BlackTeamCountry "GER"]

1. d4 e6 2. c4 d5 3. Nc3 Nf6 4. Bg5 Be7 5. e3 Nbd7 6. Nf3 0-0 7. Rc1 c6 8. a3 a5 9. Bd3 h6 10. Bh4 dxc4 11. Bxc4 Nd5 12. Bxe7 Nxe7 13. 0-0 Nb6 14. Ba2 Nbd5 15. Qd2 Ng6 16. Ne4 Nh4 17. Qe2 e5 18. Nxe5 f6 19. Nd3 f5 20. Nc3 Be6 21. Ne5 f4 22. e4 f3 23. Nxf3 Bg4 24. Nxd5 Bxf3 25. Nf6+ Kh8 26. gxf3 Qxf6 27. Kh1 Nxf3 28. Rc3 Qf4 29. Rxf3 Qxf3+ 30. Qxf3 Rxf3 31. Kg2 Rd3 32. d5 Rd2 33. dxc6 bxc6 34. Rc1 Rxb2 35. Be6 Rb6 36. Rc5 Ra7 37. f4 g6 38. Kf3 Kg7 39. f5 gxf5 40. exf5 Kf6 41. h4 Raa6 42. Bc4 Ra7 43. Be6 a4 44. Ke4 Rg7 45. Kf4 h5 46. Kf3 Rg4 47. Bd7 Rxh4 48. Bxc6 Rb3+ 49. Kg2 Rd4 0-1

[Event "GER-chT Betriebe 15th"]
[Site "Munich"]
[Date "2015.10.22"]
[Round "1.3"]
[White "Gielisch, Eckhart"]
[Black "Schmidt, Hans"]
[Result "0-1"]
[WhiteElo "1758"]
[BlackElo "2064"]
[PlyCount "64"]
[EventDate "2015.10.22"]
[EventType "team-swiss"]
[EventRounds "7"]
[EventCountry "GER"]
[SourceTitle "EXT 2020"]
[Source "ChessBase"]
[SourceDate "2019.10.17"]
[SourceVersion "1"]
[SourceVersionDate "2019.10.17"]
[SourceQuality "1"]
[WhiteTeam "Essen RWE"]
[BlackTeam "Muenchen Bayerische Landesb"]
[WhiteTeamCountry "GER"]
[BlackTeamCountry "GER"]

1. d4 f5 2. c4 Nf6 3. g3 g6 4. Bg2 Bg7 5. Nc3 0-0 6. Nf3 c6 7. 0-0 d6 8. Qc2 Qc7 9. b4 e5 10. dxe5 dxe5 11. Bb2 Be6 12. c5 h6 13. Rfd1 Nbd7 14. Rd6 Rae8 15. e3 Bf7 16. a4 e4 17. Nd4 Ne5 18. Nde2 Nd3 19. Ba3 Ng4 20. Rf1 Nge5 21. Nf4 Nxf4 22. gxf4 Nc4 23. Bb2 Nxd6 24. cxd6 Qxd6 25. b5 Rc8 26. Rd1 Qc5 27. Qd2 Bb3 28. Rc1 Qe7 29. Bf1 Rfd8 30. Qe1 cxb5 31. Bxb5 a6 32. Be2 Rc7 0-1

[Event "GER-chT Betriebe 15th"]
[Site "Munich"]
[Date "2015.10.22"]
[Round "2.3"]
[White "Metzger, Kai"]
[Black "Gielisch, Eckhart"]
[Result "0-1"]
[WhiteElo "1559"]
[BlackElo "1758"]
[PlyCount "126"]
[EventDate "2015.10.22"]
[EventType "team-swiss"]
[EventRounds "7"]
[EventCountry "GER"]
[SourceTitle "EXT 2020"]
[Source "ChessBase"]
[SourceDate "2019.10.17"]
[SourceVersion "1"]
[SourceVersionDate "2019.10.17"]
[SourceQuality "1"]
[WhiteTeam "Heilbronn Kreissparkasse"]
[BlackTeam "Essen RWE"]
[WhiteTeamCountry "GER"]
[BlackTeamCountry "GER"]

1. e4 e6 2. d4 d5 3. exd5 exd5 4. Bd3 Nf6 5. Bg5 Be7 6. Nd2 0-0 7. Ngf3 Bg4 8. h3 Bh5 9. g4 Bg6 10. Bxg6 fxg6 11. Ne5 Nbd7 12. Qe2 c5 13. 0-0-0 cxd4 14. Nb3 Ne4 15. Bxe7 Qxe7 16. Nxd7 Qxd7 17. Rxd4 Nxf2 18. Rh2 Rae8 19. Qd2 Ne4 20. Qd3 Qc7 21. Rg2 Qf4+ 22. Rd2 Qf1+ 23. Qxf1 Rxf1+ 24. Rd1 Rxd1+ 25. Rxd1 Re5 26. Re1 Kf7 27. Nc5 b6 28. Nxe4 dxe4 29. Kd2 Kf6 30. h4 g5 31. Rf1+ Kg6 32. h5+ Kh6 33. Ke3 g6 34. Rf6 Kg7 35. Rd6 gxh5 36. Rd7+ Kg6 37. gxh5+ Kxh5 38. Rxh7+ Kg4 39. Rxa7 Kg3 40. Ra3 Kg2 41. Rb3 Re6 42. Rb5 g4 43. Rf5 g3 44. Rh5 Kg1 45. Ke2 Rf6 46. Ke3 Rf2 47. Kxe4 Rh2 48. Rf5 g2 49. Rd5 Kh1 50. Rd1+ g1Q 51. Rxg1+ Kxg1 52. Kd3 Kf2 53. a3 Kf3 54. b4 Kf4 55. Kc3 Rh3+ 56. Kb2 b5 57. c3 Ke4 58. Kb3 Kd5 59. a4 bxa4+ 60. Kxa4 Rxc3 61. Kb5 Rb3 62. Ka5 Kc6 63. Ka4 Rb1 0-1

[Event "NRW Verbandsklasse Group1 1314"]
[Site "Nordrheinwestfalen"]
[Date "2014.01.26"]
[Round "6.5"]
[White "Domnik, Roland"]
[Black "Gielisch, Eckhart"]
[Result "0-1"]
[WhiteElo "1677"]
[BlackElo "1840"]
[PlyCount "62"]
[EventDate "2013.09.08"]
[EventType "team-tourn"]
[EventRounds "9"]
[EventCountry "GER"]
[SourceTitle "EXT 2020"]
[Source "ChessBase"]
[SourceDate "2019.10.17"]
[SourceVersion "1"]
[SourceVersionDate "2019.10.17"]
[SourceQuality "1"]
[WhiteTeam "Eichlinghofen SV II"]
[BlackTeam "Marten Boevinghausen"]
[WhiteTeamCountry "GER"]
[BlackTeamCountry "GER"]

1. d4 d5 2. c4 e6 3. Nc3 Nf6 4. Bg5 c6 5. e3 Nbd7 6. Nf3 Qa5 7. a3 Ne4 8. Rc1 Nxg5 9. Nxg5 dxc4 10. Nf3 b5 11. Be2 Be7 12. 0-0 0-0 13. Qc2 Bb7 14. Ne4 Qc7 15. b4 Nf6 16. Nc5 a5 17. Ne5 axb4 18. axb4 Bxc5 19. bxc5 Ra3 20. Rb1 Nd7 21. Nf3 Rfa8 22. Qe4 Bc8 23. Rfc1 Nf6 24. Qe5 Nd5 25. Qxc7 Nxc7 26. Ne5 R8a6 27. Bf3 Nd5 28. g3 f6 29. Bxd5 exd5 30. Nf3 Bf5 31. Rb4 Ra1 0-1

[Event "NRW Verbandsklasse Group1 1314"]
[Site "Nordrheinwestfalen"]
[Date "2013.12.15"]
[Round "5"]
[White "Gielisch, Eckhart"]
[Black "Althoff, Christoph"]
[Result "0-1"]
[WhiteElo "1840"]
[BlackElo "1895"]
[PlyCount "80"]
[EventDate "2013.09.08"]
[EventType "team-tourn"]
[EventRounds "9"]
[EventCountry "GER"]
[SourceTitle "EXT 2020"]
[Source "ChessBase"]
[SourceDate "2019.10.17"]
[SourceVersion "1"]
[SourceVersionDate "2019.10.17"]
[SourceQuality "1"]
[WhiteTeam "Marten Boevinghausen"]
[BlackTeam "Oberhausen SV III"]
[WhiteTeamCountry "GER"]
[BlackTeamCountry "GER"]

1. d4 d6 2. c4 Nf6 3. Nc3 Nbd7 4. e4 e5 5. d5 Be7 6. Bd3 0-0 7. Nge2 Nc5 8. Bc2 a5 9. f3 b6 10. 0-0 Bd7 11. Na4 Na6 12. a3 h6 13. Bd2 Nh7 14. b4 axb4 15. axb4 Bg5 16. b5 Nc5 17. f4 exf4 18. Nxc5 Rxa1 19. Qxa1 bxc5 20. Nxf4 Qa8 21. Qb2 Bf6 22. Bc3 Bxc3 23. Qxc3 Qb7 24. e5 dxe5 25. Qxe5 Re8 26. Qc3 Nf6 27. Re1 Rxe1+ 28. Qxe1 Qa7 29. h3 Qa3 30. Kh2 Qb2 31. Qd2 Qe5 32. g3 Kf8 33. Kg2 Qb2 34. Qe2 Qd4 35. Bd3 g5 36. d6 gxf4 37. dxc7 Bc8 38. g4 Bb7+ 39. Kh2 Qd6 40. Qg2 Qxc7 0-1

[Event "NRW Verbandsklasse Group1 1314"]
[Site "Nordrheinwestfalen"]
[Date "2013.09.08"]
[Round "1.6"]
[White "Gielisch, Eckhart"]
[Black "Elsner, Mario"]
[Result "1-0"]
[WhiteElo "1840"]
[BlackElo "1809"]
[PlyCount "65"]
[EventDate "2013.09.08"]
[EventType "team-tourn"]
[EventRounds "9"]
[EventCountry "GER"]
[SourceTitle "EXT 2020"]
[Source "ChessBase"]
[SourceDate "2019.10.17"]
[SourceVersion "1"]
[SourceVersionDate "2019.10.17"]
[SourceQuality "1"]
[WhiteTeam "Marten Boevinghausen"]
[BlackTeam "Unser Fritz"]
[WhiteTeamCountry "GER"]
[BlackTeamCountry "GER"]

1. d4 g6 2. c4 Bg7 3. Nc3 c5 4. d5 Bxc3+ 5. bxc3 f5 6. g3 Qa5 7. Qd3 d6 8. Bg2 Nf6 9. Bd2 Nbd7 10. f4 Nb6 11. Nh3 h6 12. Nf2 Qa4 13. e4 Qxc4 14. Qxc4 Nxc4 15. 0-0-0 Bd7 16. Rde1 Nb6 17. e5 dxe5 18. Rxe5 Kf7 19. Rhe1 Rhe8 20. h3 Nc4 21. Nd3 Nxe5 22. fxe5 Nxd5 23. Bxd5+ e6 24. Bxb7 Rab8 25. Nxc5 Bb5 26. Bg2 Rec8 27. Nb7 Rc7 28. Nd6+ Kg7 29. Bf1 Ba4 30. Bc4 Rc6 31. Be3 a6 32. Bd4 g5 33. Bxe6 1-0

[Event "Ruhrgebiet VK2 1112"]
[Site "Nordrheinwestfalen"]
[Date "2012.03.04"]
[Round "7"]
[White "Dreesbach, Tobias"]
[Black "Gielisch, Eckhart"]
[Result "1-0"]
[WhiteElo "1858"]
[BlackElo "1820"]
[PlyCount "123"]
[EventDate "2012.09.18"]
[EventType "team-tourn"]
[EventRounds "9"]
[EventCountry "GER"]
[SourceTitle "EXT 2020"]
[Source "ChessBase"]
[SourceDate "2019.10.17"]
[SourceVersion "1"]
[SourceVersionDate "2019.10.17"]
[SourceQuality "1"]
[WhiteTeam "Ahlen SV II"]
[BlackTeam "Marten Boevinghausen"]
[WhiteTeamCountry "GER"]
[BlackTeamCountry "GER"]

1. e4 e6 2. d4 d5 3. e5 c5 4. c3 Nc6 5. Nf3 Qb6 6. a3 Nh6 7. b4 cxd4 8. cxd4 Nf5 9. Bb2 a5 10. b5 a4 11. g4 Nh6 12. h3 Be7 13. Nc3 0-0 14. Be2 f5 15. g5 Nf7 16. h4 Bd7 17. 0-0 Na5 18. Nxa4 Qa7 19. Nc3 Rfc8 20. a4 Nc4 21. Qc2 Qa5 22. Bxc4 Rxc4 23. Rfc1 Bb4 24. Qb3 Rac8 25. Na2 Bd2 26. Rxc4 Rxc4 27. Nc1 Bxc1 28. Bxc1 Rc3 29. Qd1 Qc7 30. Bd2 Rc4 31. Rc1 g6 32. Be3 Kg7 33. Ne1 h6 34. Nd3 hxg5 35. hxg5 b6 36. Nb2 Rxc1 37. Qxc1 Qxc1+ 38. Bxc1 Nd8 39. Nd3 Nb7 40. Nb4 Kf7 41. Nc6 Ke8 42. Nb4 Na5 43. Kf1 Kd8 44. Ke1 Nc4 45. Kd1 Be8 46. Kc2 Kc7 47. Kc3 Bd7 48. Nc2 Be8 49. Na1 Na5 50. Nb3 Nxb3 51. Kxb3 Bd7 52. Ba3 Be8 53. Bd6+ Kb7 54. Kb4 Bd7 55. Be7 Kc7 56. a5 bxa5+ 57. Kxa5 Kb7 58. Kb4 Kc7 59. Kc5 Bc8 60. Bd6+ Kb7 61. b6 Bd7 62. Bc7 1-0

[Event "Ruhrgebiet VK2 1112"]
[Site "Nordrheinwestfalen"]
[Date "2012.01.08"]
[Round "5.5"]
[White "Gielisch, Eckhart"]
[Black "Kallies, Christian"]
[Result "1/2-1/2"]
[WhiteElo "1820"]
[BlackElo "1739"]
[PlyCount "69"]
[EventDate "2012.09.18"]
[EventType "team-tourn"]
[EventRounds "9"]
[EventCountry "GER"]
[SourceTitle "EXT 2020"]
[Source "ChessBase"]
[SourceDate "2019.10.17"]
[SourceVersion "1"]
[SourceVersionDate "2019.10.17"]
[SourceQuality "1"]
[WhiteTeam "Marten Boevinghausen"]
[BlackTeam "Recklinghausen Laeufer Ost II"]
[WhiteTeamCountry "GER"]
[BlackTeamCountry "GER"]

1. d4 Nf6 2. c4 g6 3. Nc3 Bg7 4. e4 d6 5. f3 0-0 6. Be3 Nbd7 7. Nh3 c5 8. d5 Qa5 9. Qd2 a6 10. Bh6 Rb8 11. Bxg7 Kxg7 12. Nf2 b5 13. cxb5 axb5 14. Be2 b4 15. Ncd1 Ba6 16. Ne3 Bxe2 17. Qxe2 b3+ 18. Qd2 Qxd2+ 19. Kxd2 bxa2 20. Rxa2 Rb3 21. Nc4 Rfb8 22. Kc2 R3b5 23. Rha1 Nb6 24. Na5 h5 25. Nc6 Rb7 26. Ra7 Nc4 27. Rxb7 Rxb7 28. Nd1 e6 29. b3 Nb6 30. dxe6 fxe6 31. Nd8 Re7 32. Ra6 Nfd7 33. Nc3 d5 34. e5 c4 35. b4 1/2-1/2

[Event "Dortmund op"]
[Site "Dortmund"]
[Date "2006.03.06"]
[Round "1.20"]
[White "Gielisch, Eckhart"]
[Black "Baier, Joerg"]
[Result "1-0"]
[WhiteElo "1807"]
[BlackElo "1388"]
[PlyCount "47"]
[EventDate "2006.03.06"]
[EventType "swiss"]
[EventRounds "9"]
[EventCountry "GER"]
[SourceTitle "CBM 111 Extra"]
[Source "ChessBase"]
[SourceDate "2006.05.09"]
[SourceVersion "1"]
[SourceVersionDate "2006.05.09"]
[SourceQuality "1"]

1. d4 Nf6 2. c4 e6 3. Nf3 b6 4. g3 Ba6 5. b3 Bb7 6. Bg2 Bb4+ 7. Bd2 a5 8. 0-0 d6 9. a3 Bxd2 10. Nbxd2 0-0 11. Qc2 Nbd7 12. e4 e5 13. Rad1 Qe7 14. Rfe1 exd4 15. Nxd4 g6 16. e5 Bxg2 17. exf6 Qxf6 18. Kxg2 Qxd4 19. Re7 Qc5 20. Ne4 Qf5 21. Rxd7 Rfe8 22. f3 Rxe4 23. Qxe4 Qxd7 24. Qxa8+ 1-0

[Event "Ruhrgebiet VK3 0001"]
[Site "Ruhrgebiet"]
[Date "2000.11.19"]
[Round "3"]
[White "Gielisch, Eckhart"]
[Black "Mittmann, Volker"]
[Result "1/2-1/2"]
[WhiteElo "1799"]
[BlackElo "1823"]
[PlyCount "132"]
[EventDate "2000.09.17"]
[EventType "team-tourn"]
[EventRounds "9"]
[EventCountry "GER"]
[SourceTitle "EXT 2023"]
[Source "ChessBase"]
[SourceDate "2022.10.05"]
[SourceVersion "1"]
[SourceVersionDate "2022.10.05"]
[SourceQuality "1"]
[WhiteTeam "Marten Boevinghausen"]
[BlackTeam "Drewer SG"]
[WhiteTeamCountry "GER"]
[BlackTeamCountry "GER"]

1. d4 c5 2. c3 e6 3. Nf3 d5 4. Bf4 Nc6 5. e3 Qb6 6. Qc2 Nf6 7. Nbd2 Bd7 8. Be2 Rc8 9. Qb3 Qxb3 10. Nxb3 c4 11. Nbd2 Be7 12. 0-0 0-0 13. Ne5 Rfd8 14. Bf3 Be8 15. Rfe1 Nxe5 16. Bxe5 Nd7 17. Bg3 f5 18. Bd1 g5 19. f3 Bg6 20. e4 Kf7 21. Bc2 Bf6 22. Re2 Nb6 23. Be5 Bxe5 24. dxe5 d4 25. cxd4 Rxd4 26. exf5 exf5 27. f4 g4 28. g3 Rcd8 29. Nf1 Ke6 30. Ree1 Nd5 31. a3 b5 32. Kf2 Ne7 33. Red1 Be8 34. Rxd4 Rxd4 35. Rd1 Rxd1 36. Bxd1 Bc6 37. Ne3 Be4 38. a4 a6 39. axb5 axb5 40. Bc2 Bxc2 41. Nxc2 Nc6 42. Ke2 Kd5 43. Kd2 Kc5 44. Kc3 b4+ 45. Kd2 Kb5 46. Ke2 Kc5 47. Ke3 b3 48. Na3 Nd4 49. Nb1 Nb5 50. Kd2 Nd4 51. Nc3 Nf3+ 52. Ke3 Nxh2 53. Na4+ Kc6 54. Kd4 Nf1 55. Kxc4 Nxg3 56. Nc3 h5 57. Nb5 Kd7 58. Kd5 Ne4 59. Nd4 Nc3+ 60. Kc4 Nd1 61. Nxf5 Nxb2+ 62. Kxb3 Nd3 63. e6+ Kxe6 64. Ng7+ Kf6 65. Nxh5+ Kf5 66. Kc2 Nxf4 1/2-1/2